| 000 | 00282 a2200109 4500 | ||
|---|---|---|---|
| 999 |
_c243415 _d243415 |
||
| 001 | 8342 | ||
| 003 | NUST | ||
| 005 | 20180118190454.0 | ||
| 008 | 180118b xxu||||| |||| 00| 0 eng d | ||
| 082 | _a808.84 WIL | ||
| 100 |
_aWilliams, W E _98978 |
||
| 245 |
_aA book of English essays (W/O vide BOO on 1985-86) _hEnglish |
||
| 260 |
_bPenguin _a1963 |
||
| 942 |
_aNUST-CAE _cBK _cBK _k808.84 WIL _2ddc |
||